000 00283nam a22001337a 4500
008 180131b xxu||||| |||| 00| 0 eng d
020 _a021692036955
041 _aeng
080 _a574
100 _a9
101 _amje
245 _atexas gardenning
_cpope.b.j
942 _2udc
_cBK
999 _c41329
_d41329